[Event "World Blitz Championship"]
[Site "St Petersburg RUS"]
[Date "2018.12.29"]
[EventDate "?"]
[Round "2"]
[Result "1-0"]
[White "Alireza Firouzja"]
[Black "Vishnu Prasanna V"]
[WhiteElo "2667"]
[BlackElo "2519"]
[PlyCount "56"]

1. d4  Nf6  2. c4  g6  3. Nc3  Bg7  4. e4  d6
 5. h3  O-O  6. Be3  e5  7. d5  a5  8. g4
 Na6  9. Nge2  c6  10. Ng3  cxd5  11. cxd5  Nd7  12. h4  Ndc5  13.
h5  a4  14. Be2  Qa5  15. Bd2  Nb4  16. Qb1 
a3  17. bxa3  Qxa3  18. Nb5
 Ncd3+  19. Kf1  Qa4  20. Bxd3  Nxd3  21. Qxd3  Bxg4  22. Nxd6  b5  23.
Kg2  f5  24. exf5  e4  25. Qxe4  Bxa1  26. Qe6+  Kg7  27. Rxa1  Qa3  28.
h6+  1-0

[Event "World Blitz Championship"]
[Site "St Petersburg RUS"]
[Date "2018.12.29"]
[EventDate "?"]
[Round "3"]
[Result "1/2-1/2"]
[White "Levon Aronian"]
[Black "Alireza Firouzja"]
[WhiteElo "2858"]
[BlackElo "2667"]
[PlyCount "84"]

1. e4 c5 2. Nf3 Nc6 3. Nc3 d6 4. d4 cxd4 5. Nxd4 Nf6 6. Bg5 e6
7. Qd2 a6 8. O-O-O Be7 9. f4 Bd7 10. Nf3 b5 11. Kb1 b4
12. Bxf6 gxf6 13. Ne2 h5 14. f5 e5 15. Rg1 Qb6 16. g4 hxg4
17. Rxg4 Na5 18. Nc1 Bf8 19. Nb3 Nb7 20. Bc4 Rc8 21. Bd5 Bh6
22. Qg2 Bc6 23. Rh4 Bxd5 24. exd5 Ke7 25. Qh3 Qf2 26. Nbd2
Bxd2 27. Rxh8 Rxh8 28. Qxh8 Qxf3 29. Rg1 Be3 30. Re1 Qxd5
31. Qc8 Bf2 32. Rf1 Bb6 33. b3 Nc5 34. Re1 Ne4 35. Qxa6 Nc3+
36. Kb2 Bd4 37. Qc8 Nb5+ 38. Kc1 Bc3 39. Rd1 Nd4 40. Qc7+ Ke8
41. Qc8+ Ke7 42. Qc7+ Ke8 1/2-1/2

[Event "World Blitz Championship"]
[Site "St Petersburg RUS"]
[Date "2018.12.29"]
[EventDate "?"]
[Round "4"]
[Result "1-0"]
[White "Alireza Firouzja"]
[Black "Nodirbek Abdusattorov"]
[WhiteElo "2667"]
[BlackElo "2469"]
[PlyCount "53"]

1. d4 Nf6 2. c4 e6 3. g3 d5 4. Bg2 dxc4 5. Nf3 a6 6. O-O Nc6
7. e3 Bd6 8. Qe2 O-O 9. Qxc4 Bd7 10. Nc3 Qe7 11. e4 e5 12. Bg5
b5 13. Qd3 exd4 14. Nd5 Qe6 15. Bxf6 gxf6 16. Nxd4 Nxd4
17. Qxd4 Be5 18. Qd2 c6 19. Nb6 Ra7 20. Rad1 Be8 21. Qh6 Bc7
22. Bh3 f5 23. Qh4 Qxe4 24. Qg5+ Kh8 25. Rfe1 Qf3 26. Bxf5 f6
27. Qh6 1-0

[Event "World Blitz Championship"]
[Site "St Petersburg RUS"]
[Date "2018.12.29"]
[EventDate "2018.??.??"]
[Round "5.5"]
[Result "0-1"]
[White "Dmitry Andreikin"]
[Black "Alireza Firouzja"]
[WhiteElo "2777"]
[BlackElo "2667"]
[PlyCount "166"]

1.e4 c5 2.Nc3 d6 3.d4 cxd4 4.Qxd4 Nc6 5.Qd2 g6 6.b3 Bh6 7.f4 f5 8.Bb2 Nf6 9.O-O-O fxe4 10.Kb1 Qa5 11.Bc4 Rf8 12.Nge2 Bg4 13.h3 Bxe2 14.Qxe2 Bxf4 15.Nxe4 Be5 16.Nxd6+ exd6 17.Rxd6 Nd7 18.Rd5 Qc7 19.Bb5 O-O-O 20.Bxc6 Qxc6 21.Rxe5 Nxe5 22.Bxe5 Rfe8 23.Rf1 Qe6 24.Re1 Qc6 25.Qf2 b6 26.Qf7 Qd7 27.Qf3 Qd5 28.Qc3+ Kb7 29.Qc7+ Ka8 30.Bc3 Rxe1+ 31.Bxe1 Qd7 32.Qc3 Rc8 33.Qf3+ Qc6 34.Qe2 Re8 35.Qd2 Re7 36.Bg3 Rd7 37.Qf4 Kb7 38.Kb2 Ka6 39.a4 Qd5 40.Bf2 Re7 41.Qf8 Qe5+ 42.Kb1 Kb7 43.Bg3 Qe4 44.Qb8+ Ka6 45.Qc8+ Rb7 46.Bf2 Qd5 47.Kb2 Qe5+ 48.Kb1 Qc7 49.Qe6 Rb8 50.Qe2+ Kb7 51.Qf3+ Qc6 52.Qf7+ Ka8 53.Qe7 Rc8 54.Qe2 Qxg2 55.a5 bxa5 56.Qe6 Qc6 57.Qe2 a4 58.b4 a3 59.Bc5 Re8 60.Qf2 Qd5 61.Qf1 a2+ 62.Kb2 Qc6 63.Kxa2 Rb8 64.Qf7 Qa4+ 65.Kb2 Rxb4+ 66.Bxb4 Qxb4+ 67.Kc1 Qe1+ 68.Kb2 Qe5+ 69.c3 Qb5+ 70.Kc1 Qg5+ 71.Kb2 Qb5+ 72.Kc1 Qc6 73.Kc2 Qe4+ 74.Kc1 Qh1+ 75.Kc2 Qg2+ 76.Kc1 Qg5+ 77.Kb2 Qb5+ 78.Kc1 Qc6 79.Kc2 h5 80.h4 a5 81.c4 Qe4+ 82.Kb3 Qb7+ 83.Qxb7+ Kxb7 0-1

[Event "World Blitz Championship"]
[Site "St Petersburg RUS"]
[Date "2018.12.29"]
[EventDate "?"]
[Round "6"]
[Result "1-0"]
[White "Alireza Firouzja"]
[Black "Peter Svidler"]
[WhiteElo "2667"]
[BlackElo "2770"]
[PlyCount "108"]

1. Nf3 c5 2. e4 e6 3. d4 cxd4 4. Nxd4 Nc6 5. Nc3 a6 6. g3 Qc7
7. Bg2 d6 8. Nxc6 bxc6 9. O-O Nf6 10. Na4 Rb8 11. Re1 Nd7
12. c4 c5 13. b3 Be7 14. Bb2 O-O 15. Qd2 Bb7 16. Rad1 Rfe8
17. f4 Bc6 18. Nc3 Rbd8 19. g4 Bf8 20. g5 Bb7 21. h4 Nb8
22. h5 Nc6 23. Ne2 e5 24. f5 Nd4 25. Nc1 a5 26. Bc3 Ra8 27. a4
Bc6 28. f6 Qd8 29. Rf1 Ra7 30. Rf2 Rb7 31. Rdf1 Qc8 32. Qd1
gxf6 33. Rxf6 Be7 34. Bxd4 cxd4 35. R6f5 Bd7 36. Rxf7 Bxg5
37. Qe1 Be6 38. Rxb7 Qxb7 39. Nd3 Qg7 40. Kh1 Qh6 41. Bf3 Kh8
42. c5 Rf8 43. Qg3 Bxb3 44. cxd6 Bc4 45. Be2 Rxf1+ 46. Bxf1
Qxh5+ 47. Kg2 Bf6 48. d7 Qf7 49. Nxe5 Bxf1+ 50. Kg1 Qg7
51. Qxg7+ Kxg7 52. Kxf1 Kf8 53. Nc6 d3 54. d8=Q+ Bxd8 1-0

[Event "World Blitz Championship"]
[Site "St Petersburg RUS"]
[Date "2018.12.29"]
[EventDate "?"]
[Round "7"]
[Result "1-0"]
[White "Alireza Firouzja"]
[Black "Baadur Aleksandrovich Jobava"]
[WhiteElo "2667"]
[BlackElo "2705"]
[PlyCount "121"]

1. e4 c5 2. Nf3 e6 3. d4 cxd4 4. Nxd4 Nf6 5. Nc3 Bb4 6. e5 Nd5
7. Bd2 Bxc3 8. bxc3 O-O 9. Bd3 d6 10. exd6 Qxd6 11. O-O Bd7
12. Rb1 Na6 13. Rxb7 Nc5 14. Rb1 Rfd8 15. Nf3 Rac8 16. c4 Nf4
17. Ba5 Ncxd3 18. Bxd8 Rxd8 19. cxd3 Bc6 20. d4 g5 21. d5 exd5
22. Nd4 Bd7 23. c5 Qxc5 24. Re1 h6 25. g3 Ng6 26. Rc1 Qb6
27. Nb3 Bb5 28. Qd4 Bc4 29. Rcd1 Rc8 30. Qg4 Rb8 31. Nd4 Qf6
32. Qf5 Kg7 33. Re3 Rb6 34. Rf3 Ne5 35. Re3 Qxf5 36. Nxf5+ Kf6
37. Nxh6 g4 38. Ng8+ Kf5 39. Ne7+ Ke6 40. Rde1 f6 41. Ng6 Bxa2
42. Nxe5 fxe5 43. Rxe5+ Kd6 44. Rg5 Kc5 45. Rxg4 Bc4 46. h4 a5
47. h5 a4 48. Rg6 Rb8 49. Ra1 Ra8 50. h6 Bd3 51. Rg7 Kb4
52. h7 Rh8 53. Rb7+ Kc5 54. Rxa4 Rxh7 55. Rxh7 Bxh7 56. Kf1 d4
57. Ke1 Kd5 58. Ra7 Be4 59. Rf7 Ke6 60. Rf8 Bc6 61. Kd2 1-0

[Event "World Blitz Championship"]
[Site "St Petersburg RUS"]
[Date "2018.12.29"]
[EventDate "?"]
[Round "10"]
[Result "1-0"]
[White "Ian Nepomniachtchi"]
[Black "Alireza Firouzja"]
[WhiteElo "2846"]
[BlackElo "2667"]
[PlyCount "187"]

1. e4 c5 2. Nf3 Nc6 3. Bb5 g6 4. Bxc6 dxc6 5. d3 Bg7 6. h3 Nf6
7. Be3 Nxe4 8. c3 Nf6 9. Bxc5 b6 10. Be3 O-O 11. O-O Nd5
12. d4 c5 13. Bg5 h6 14. Bh4 cxd4 15. cxd4 Bb7 16. Re1 Rc8
17. Nc3 Nxc3 18. bxc3 g5 19. Bg3 Rxc3 20. Ne5 Qd5 21. f3 Rd8
22. Bf2 Rdc8 23. Qa4 a6 24. Qb4 Qd6 25. Qb1 Rc2 26. Qd1 Bd5
27. a4 Rb2 28. Rc1 Rd8 29. Qd3 b5 30. axb5 Rxb5 31. Ra1 Rc8
32. Qf5 Be6 33. Qe4 Rb2 34. Rac1 Rxc1 35. Rxc1 Bxe5 36. Qxe5
Qxe5 37. dxe5 Rb7 38. Rc6 a5 39. Ra6 Rb5 40. Be1 Rxe5 41. Bxa5
Bc4 42. Ra7 f6 43. Bb4 Kf7 44. Rc7 Bd5 45. Rc1 Be6 46. Rc7 Bb3
47. Rc3 Ba4 48. Rc7 h5 49. Rc5 Re2 50. h4 gxh4 51. Rxh5 Rb2
52. Rxh4 e5 53. Ba5 Ra2 54. Bd8 Bd7 55. Rh7+ Ke6 56. Rh6 Kd5
57. Bxf6 Ra1+ 58. Kf2 Ra2+ 59. Kg3 e4 60. Be7 exf3 61. Rd6+
Ke5 62. Rxd7 fxg2 63. Kh2 Ke6 64. Rb7 Kf5 65. Bc5 Ke4 66. Kg1
Kf3 67. Rb3+ Ke4 68. Bf2 Rc2 69. Kxg2 Kd5 70. Kf3 Kc4 71. Rb8
Kd5 72. Rd8+ Ke6 73. Bd4 Rc1 74. Ke4 Re1+ 75. Be3 Ke7 76. Ra8
Ke6 77. Ra6+ Ke7 78. Kf4 Kf7 79. Bd4 Ke7 80. Kf5 Kd7 81. Be5
Re2 82. Rd6+ Ke7 83. Rd4 Re1 84. Bf6+ Ke8 85. Rd8+ Kf7
86. Rd7+ Ke8 87. Ra7 Rd1 88. Ke6 Re1+ 89. Be5 Rd1 90. Rb7 Rd2
91. Rb1 Rd3 92. Bf4 Rd4 93. Bd6 Re4+ 94. Be5 1-0

[Event "World Blitz Championship"]
[Site "St Petersburg RUS"]
[Date "2018.12.29"]
[EventDate "?"]
[Round "11"]
[Result "1/2-1/2"]
[White "Alireza Firouzja"]
[Black "Alexandr Predke"]
[WhiteElo "2667"]
[BlackElo "2482"]
[PlyCount "126"]

1. d4 d5 2. c4 dxc4 3. Nf3 Nf6 4. e3 c5 5. Bxc4 cxd4 6. exd4
g6 7. Qb3 e6 8. Nc3 Bg7 9. O-O O-O 10. Rd1 Nc6 11. Bb5 Bd7
12. Bg5 Ne7 13. Bxd7 Qxd7 14. Ne5 Qd6 15. Qxb7 Ned5 16. Bxf6
Nxf6 17. Qf3 Rab8 18. h3 Rb4 19. Qe3 Nd5 20. Nxd5 Qxd5 21. b3
Rxd4 22. Rxd4 Qxe5 23. Qxe5 Bxe5 24. Rad1 Bxd4 25. Rxd4 Rc8
26. Ra4 Rc7 27. g4 g5 28. b4 Kg7 29. Kg2 Kf6 30. Ra5 h6 31. a3
Kg6 32. Ra6 Kf6 33. b5 Ke5 34. a4 Kd5 35. Kg3 Ke5 36. h4 gxh4+
37. Kxh4 Kf4 38. Rc6 Rd7 39. Kh5 f5 40. Rxe6 fxg4 41. Rf6+ Ke5
42. Rxh6 Kf5 43. Rh8 Rd4 44. Rf8+ Ke6 45. a5 Rd5+ 46. Kxg4
Rxb5 47. a6 Rb6 48. Rh8 Kd5 49. Rh5+ Ke4 50. f4 Rxa6 51. Re5+
Kd4 52. Re7 Ra1 53. f5 a5 54. f6 Rf1 55. Kg5 Kc3 56. Re5 a4
57. Rf5 Rg1+ 58. Kh6 Rg8 59. f7 Rf8 60. Kg7 Rxf7+ 61. Kxf7 a3
62. Rf3+ Kb2 63. Rxa3 Kxa3 1/2-1/2

[Event "World Blitz Championship"]
[Site "St Petersburg RUS"]
[Date "2018.12.30"]
[EventDate "2018.12.29"]
[Round "13.29"]
[Result "0-1"]
[White "Alireza Firouzja"]
[Black "Vladislav Nozdrachev"]
[WhiteElo "2607"]
[BlackElo "2486"]
[PlyCount "66"]

1. e4 e5 2. Nf3 Nc6 3. Bb5 f5 4. Nc3 fxe4 5. Nxe4 Nf6 6. Qe2 Be7 7. Nxf6+ Bxf6
8. d4 O-O 9. Bxc6 dxc6 10. dxe5 Be7 11. Be3 Qd5 12. h3 Be6 13. a3 Rad8 14. Rd1
Qa2 15. b3 Rxd1+ 16. Qxd1 Rd8 17. Nd2 Qxa3 18. O-O Qb2 19. Qa1 Qxc2 20. Qxa7
Rxd2 21. Bxd2 Qxd2 22. Qxb7 Qd7 23. Ra1 h6 24. Qa8+ Kh7 25. Qa4 Qd5 26. Re1 Bc5
27. Qf4 Bb6 28. h4 Qd4 29. Re4 Qd1+ 30. Kh2 Qxb3 31. h5 Qd3 32. f3 Qd1 33. Ra4
Qg1+ 0-1

[Event "World Blitz Championship"]
[Site "St Petersburg RUS"]
[Date "2018.12.30"]
[EventDate "2018.12.29"]
[Round "14.36"]
[Result "0-1"]
[White "Artyom Timofeev"]
[Black "Alireza Firouzja"]
[WhiteElo "2589"]
[BlackElo "2607"]
[PlyCount "150"]

1. c4 e5 2. e3 Nf6 3. Nc3 Bb4 4. Nge2 O-O 5. a3 Be7 6. d4 d6 7. Ng3 Re8 8. Be2
c6 9. O-O Nbd7 10. b4 Qc7 11. Bb2 Nf8 12. Rc1 Ng6 13. d5 Bd7 14. Qb3 Rac8 15.
Rfd1 Qb8 16. h3 cxd5 17. cxd5 h6 18. a4 Nh4 19. Bb5 Bxb5 20. Nxb5 a6 21. Nc3 b5
22. axb5 axb5 23. Ra1 Bd8 24. Ra6 Qb7 25. Rxd6 Be7 26. Rc6 Rxc6 27. dxc6 Qxc6
28. Nd5 Bf8 29. e4 Nh7 30. Nf5 Nxf5 31. exf5 Nf6 32. Ne3 Qe4 33. Bc3 Rc8 34. Be1
h5 35. f3 Qf4 36. Nd5 Qxf5 37. Nxf6+ Qxf6 38. Qd5 Rb8 39. Qe4 Qe6 40. Bc3 f6 41.
Qd5 Qxd5 42. Rxd5 Kf7 43. Rd7+ Ke6 44. Ra7 Be7 45. Be1 Rd8 46. Kf1 Rd1 47. Ke2
Rb1 48. Rb7 Bxb4 49. Bxb4 Rxb4 50. Rxg7 Rb2+ 51. Ke3 h4 52. f4 Rb3+ 53. Kf2 exf4
54. Rg4 Kf5 55. Rxh4 Ke4 56. Rh6 Rb2+ 57. Kg1 Kf5 58. Rh5+ Ke4 59. Rh6 Ke5 60.
Rh8 f3 61. gxf3 Kf4 62. h4 Kg3 63. Rg8+ Kxf3 64. h5 Rb1+ 65. Kh2 Rb4 66. Kh3 Rb1
67. Rg3+ Kf4 68. Rg6 Kf5 69. Rh6 b4 70. Rh8 b3 71. Kh2 Kg5 72. h6 Kg6 73. Kg2 b2
74. Rb8 Kxh6 75. Rb5 f5 0-1

[Event "World Blitz Championship"]
[Site "St Petersburg RUS"]
[Date "2018.12.30"]
[EventDate "2018.12.29"]
[Round "15.27"]
[Result "1-0"]
[White "Alireza Firouzja"]
[Black "Andrey Zhigalko"]
[WhiteElo "2607"]
[BlackElo "2545"]
[PlyCount "98"]

1. c4 c5 2. Nf3 g6 3. d4 cxd4 4. Nxd4 Nf6 5. Nc3 d5 6. cxd5 Nxd5 7. Ndb5 Nxc3 8.
Qxd8+ Kxd8 9. Nxc3 Bg7 10. Bf4 Bxc3+ 11. bxc3 Be6 12. h4 h5 13. e4 Nd7 14. a4
Rc8 15. Be3 Kc7 16. Bxa7 b6 17. a5 Ra8 18. axb6+ Nxb6 19. Ra6 Kb7 20. Bxb6 Rxa6
21. Bxa6+ Kxa6 22. Bc5 Rc8 23. Bb4 Kb5 24. Kd2 Rc7 25. Ra1 Rd7+ 26. Kc2 Bc4 27.
e5 Bd5 28. f3 Be6 29. Ra5+ Kb6 30. Ra8 Bf5+ 31. Kc1 Be6 32. Re8 Kb5 33. Rxe7
Rxe7 34. Bxe7 Bc4 35. Kd2 Bf1 36. g3 Kc4 37. Bb4 Bg2 38. Ke3 Bh3 39. Kf4 Kd3 40.
g4 Kc4 41. gxh5 gxh5 42. Kg5 Bg2 43. Kxh5 Bxf3+ 44. Kg5 Kd5 45. Bd6 Kc4 46. h5
Kxc3 47. h6 Be4 48. Kf6 Bg6 49. e6 1-0

[Event "World Blitz Championship"]
[Site "St Petersburg RUS"]
[Date "2018.12.30"]
[EventDate "2018.12.29"]
[Round "16.24"]
[Result "0-1"]
[White "Vladimir Potkin"]
[Black "Alireza Firouzja"]
[WhiteElo "2597"]
[BlackElo "2607"]
[PlyCount "110"]

1. Nf3 c5 2. c4 Nc6 3. Nc3 g6 4. e3 Nf6 5. d4 cxd4 6. exd4 d5 7. cxd5 Nxd5 8.
Qb3 Nxc3 9. Bc4 e6 10. bxc3 Bd7 11. Be2 Na5 12. Qb1 Rc8 13. O-O f6 14. c4 b6 15.
Nd2 Kf7 16. Re1 Qc7 17. Bb2 Bh6 18. Ne4 f5 19. d5 fxe4 20. Qxe4 Qf4 21. Qxf4+
Bxf4 22. Bxh8 Rxh8 23. Bg4 Re8 24. Re4 Bd6 25. dxe6+ Bxe6 26. Rae1 Bxg4 27. Rxe8
Bb4 28. R1e3 Bc5 29. Re1 Bb4 30. R1e3 Bc5 31. Re1 Nxc4 32. R8e4 Nb2 33. Rxg4 Nd3
34. Re2 h5 35. Rge4 Kf6 36. g3 a5 37. a4 Nb4 38. Kg2 Nd5 39. Rc4 Nc7 40. Rf4+
Kg7 41. h3 Nd5 42. Rc4 Nb4 43. g4 hxg4 44. hxg4 Nd3 45. g5 Kf7 46. Rce4 Bd6 47.
Rd2 Nc5 48. Rxd6 Nxe4 49. Rf6+ Nxf6 50. gxf6 Kxf6 51. Kf3 Ke5 52. Ke3 Kd5 53.
Kf4 b5 54. axb5 a4 55. b6 0-1

[Event "World Blitz Championship"]
[Site "St Petersburg RUS"]
[Date "2018.12.30"]
[EventDate "2018.12.29"]
[Round "17.15"]
[Result "0-1"]
[White "Alireza Firouzja"]
[Black "Rustam Khusnutdinov"]
[WhiteElo "2607"]
[BlackElo "2470"]
[PlyCount "138"]

1. c4 e5 2. Nc3 Bb4 3. g3 Bxc3 4. bxc3 d6 5. Bg2 Nc6 6. d3 Nge7 7. Nf3 O-O 8.
O-O h6 9. Nd2 Be6 10. Rb1 Rb8 11. f4 Qd7 12. fxe5 Nxe5 13. Nf3 Nxf3+ 14. Bxf3 b6
15. Be3 Rbe8 16. Qd2 Bg4 17. Be4 Bf5 18. Bh1 Bg4 19. Bf2 Ng6 20. Rbe1 Bh3 21.
Bg2 Bxg2 22. Kxg2 Qg4 23. h3 Qd7 24. e4 f5 25. exf5 Qc6+ 26. Re4 Rxe4 27. dxe4
Qxe4+ 28. Kg1 Ne5 29. Qd5+ Qxd5 30. cxd5 Rxf5 31. g4 Rf3 32. Bd4 Rxh3 33. Kg2
Rd3 34. Rf4 Rd2+ 35. Kg3 Rxa2 36. Bxe5 dxe5 37. Rc4 Rd2 38. Rxc7 Rxd5 39. Rxa7
Rd3+ 40. Kh4 Rxc3 41. Re7 Kh7 42. g5 hxg5+ 43. Kxg5 Rc5 44. Kf5 b5 45. Rb7 Kh6
46. Rb6+ Kh5 47. Rb8 g6+ 48. Ke4 Kg4 49. Rf8 g5 50. Rf1 Rc3 51. Rg1+ Rg3 52. Rb1
Rg2 53. Ke3 Kh3 54. Rxb5 g4 55. Rxe5 g3 56. Rh5+ Kg4 57. Rh8 Rf2 58. Rh7 Rf6 59.
Rg7+ Kh3 60. Rh7+ Kg2 61. Rg7 Kh2 62. Rh7+ Kg1 63. Rg7 g2 64. Ke2 Rf5 65. Rg8
Rf6 66. Rg5 Rh6 67. Kf3 Kh1 68. Rxg2 Rf6+ 69. Kg3 Rg6+ 0-1

[Event "World Blitz Championship"]
[Site "St Petersburg RUS"]
[Date "2018.12.30"]
[EventDate "2018.12.29"]
[Round "18.19"]
[Result "0-1"]
[White "Gadir Guseinov"]
[Black "Alireza Firouzja"]
[WhiteElo "2664"]
[BlackElo "2607"]
[PlyCount "120"]

1. e4 e5 2. Nf3 Nc6 3. Bb5 a6 4. Bxc6 dxc6 5. O-O Qe7 6. d4 exd4 7. Qxd4 Bg4 8.
Ne5 Be6 9. Bf4 Nf6 10. Nd3 c5 11. Qe3 c4 12. Ne5 Qc5 13. Nd2 Nh5 14. Qxc5 Bxc5
15. Bg3 Nxg3 16. hxg3 b5 17. c3 O-O-O 18. Rfd1 Kb7 19. Kf1 Rhe8 20. Nef3 Bg4 21.
a4 f6 22. axb5 axb5 23. b3 cxb3 24. Nxb3 Rxd1+ 25. Rxd1 Bb6 26. Re1 Be6 27. Nbd4
Bc4+ 28. Kg1 g6 29. Nd2 Rd8 30. Nxc4 bxc4 31. Ne2 Rd2 32. Kf1 Kc6 33. g4 Kd6 34.
f4 Rd3 35. Ra1 Re3 36. Ra8 Rxe4 37. Rh8 Re7 38. g3 Kd5 39. Rd8+ Ke4 40. Kg2 Ke3
41. Ng1 Re6 42. Rd7 Ba5 43. Nf3 Rd6 44. Rxh7 Rb6 45. Re7+ Kd3 46. g5 fxg5 47.
fxg5 Kxc3 48. Ne5 Kd4 49. Nxc4 Kxc4 50. Rxc7+ Kd5 51. Rf7 Bd2 52. Kf3 Bxg5 53.
Ra7 Ke6 54. Kg4 Bf6 55. Kf3 Be5 56. Kg4 Kf6 57. Ra4 Rd6 58. Ra2 Rd4+ 59. Kh3 Rd3
60. Ra6+ Kg5 0-1

[Event "World Blitz Championship"]
[Site "St Petersburg RUS"]
[Date "2018.12.30"]
[EventDate "2018.12.29"]
[Round "19.13"]
[Result "1/2-1/2"]
[White "Alireza Firouzja"]
[Black "Yangyi Yu"]
[WhiteElo "2607"]
[BlackElo "2764"]
[PlyCount "262"]

1. d4 Nf6 2. c4 e6 3. g3 Bb4+ 4. Nd2 d5 5. Bg2 O-O 6. Nf3 b6 7. O-O Bb7 8. cxd5
exd5 9. Qb3 Be7 10. Nb1 Nbd7 11. Nc3 Re8 12. Rd1 Nf8 13. Ne5 Ne6 14. Qa4 Bf8 15.
Be3 a6 16. Rac1 Rc8 17. Qb3 c6 18. h4 h6 19. Bf3 Bd6 20. Nd3 Rb8 21. Na4 Ba8 22.
Nb4 b5 23. Nc5 Bxc5 24. dxc5 a5 25. Nc2 Bb7 26. Qc3 b4 27. Qd2 Ba6 28. Nd4 Nxd4
29. Bxd4 Ne4 30. Qf4 Qe7 31. Re1 Bb5 32. Qg4 Nf6 33. Qf5 Qe6 34. Qf4 Rb7 35. Kg2
Rbe7 36. g4 Nd7 37. g5 Ne5 38. e3 Nxf3 39. Qxf3 Bd3 40. Qf4 Qe4+ 41. Qxe4 Rxe4
42. Kg3 h5 43. f3 R4e6 44. Rcd1 Bc4 45. a3 Rb8 46. Ra1 b3 47. a4 f6 48. gxf6
gxf6 49. Kf4 Kf7 50. Bc3 Ra8 51. Rg1 Ree8 52. Rg3 Rg8 53. Rxg8 Rxg8 54. Bxa5 Ke6
55. Bc3 Ba6 56. a5 Rg7 57. Ra3 Rb7 58. Ra1 Rb5 59. Bd4 Rb4 60. Rg1 Kf7 61. Ra1
Ke6 62. Ra3 Kf7 63. Ra1 Ke6 64. Kg3 Kf5 65. Ra3 Rb8 66. Kf2 Rb4 67. Ra1 Rc4 68.
Kg3 Rb4 69. Ra3 Rb8 70. Ra1 Rb4 71. Re1 Ke6 72. Kf4 Ra4 73. Rg1 Kf7 74. Rc1 Rxa5
75. Rg1 Ra4 76. Rc1 Bb5 77. Rc3 Bc4 78. Rc1 Ra8 79. Rg1 Bd3 80. Rc1 Rg8 81. Ra1
Re8 82. Ra7+ Re7 83. Ra8 Rb7 84. Rd8 Re7 85. Rc8 Bb5 86. Rh8 Kg6 87. Rf8 Rf7 88.
Rg8+ Rg7 89. Rxg7+ Kxg7 90. Kf5 Kf7 91. Bxf6 Be2 92. f4 Bd3+ 93. Ke5 Kg6 94. Bg5
Kf7 95. f5 Bc4 96. Bf4 Bd3 97. Bg5 Bc4 98. Kd6 Bb5 99. Kd7 Ba4 100. Kc7 Bb5 101.
Kb6 Ke8 102. Ka5 Bd3 103. f6 Kf7 104. Kb4 Bc2 105. Kc3 Bd1 106. Kd4 Ke6 107. Kc3
Bc2 108. Kb4 Bd1 109. Ka5 Be2 110. Kb6 Bb5 111. Kc7 Ba4 112. Kd8 Kf7 113. Kd7
Bb5 114. Kd6 Ba4 115. Ke5 Bb5 116. Bf4 Ba4 117. Kf5 Bb5 118. Kg5 Be2 119. Be5
Bd1 120. Bd4 Be2 121. Kf4 Ke6 122. Kg5 Kf7 123. Kf5 Bg4+ 124. Ke5 Be2 125. Bc3
Bd3 126. Kd4 Bb5 127. Ke5 Bd3 128. Kd6 Bb5 129. Kc7 Ke6 130. Kb6 Kf7 131. Ka5
Bd3 1/2-1/2

[Event "World Blitz Championship"]
[Site "St Petersburg RUS"]
[Date "2018.12.30"]
[EventDate "2018.12.29"]
[Round "20.14"]
[Result "1-0"]
[White "Vladislav Artemiev"]
[Black "Alireza Firouzja"]
[WhiteElo "2709"]
[BlackElo "2607"]
[PlyCount "86"]

1. Nf3 Nf6 2. g3 d5 3. Bg2 e6 4. O-O Be7 5. d3 O-O 6. Nbd2 Nc6 7. d4 Ne4 8. c4
f5 9. e3 a5 10. Qc2 b6 11. a3 Bb7 12. b3 Bf6 13. Bb2 Ne7 14. b4 Qd7 15. Rfc1 c6
16. Ne1 a4 17. Ndf3 Nd6 18. Nd2 b5 19. cxb5 cxb5 20. Nd3 Nc4 21. Nc5 Qc8 22.
Nxc4 bxc4 23. Nxb7 Qxb7 24. Qxc4 Rfc8 25. Qd3 h6 26. Bf1 Kf7 27. Qb5 Qa7 28. Be2
g5 29. Rxc8 Rxc8 30. Rc1 Qa8 31. Rxc8 Qxc8 32. Qxa4 f4 33. exf4 gxf4 34. Qd1 Nf5
35. Bh5+ Ke7 36. Bg4 Nd6 37. a4 Qc4 38. b5 Qb4 39. Qe2 Ne4 40. Qc2 Bxd4 41. Qc7+
Kf8 42. Qxf4+ Ke7 43. Bxd4 1-0

[Event "World Blitz Championship"]
[Site "St Petersburg RUS"]
[Date "2018.12.30"]
[EventDate "2018.12.29"]
[Round "21.26"]
[Result "1/2-1/2"]
[White "Alireza Firouzja"]
[Black "Ivan Cheparinov"]
[WhiteElo "2607"]
[BlackElo "2709"]
[PlyCount "54"]

1. e4 c6 2. Bc4 d5 3. Bb3 dxe4 4. Nc3 Nf6 5. Nge2 Na6 6. O-O Nc5 7. Ng3 Bg4 8.
Qe1 e6 9. Ngxe4 Nfxe4 10. Nxe4 Nxb3 11. axb3 Be7 12. Qe3 Bf5 13. d3 b6 14. Bd2
O-O 15. b4 Qd5 16. Bc3 Bg6 17. Ra6 Qb5 18. Qd4 f6 19. Rfa1 Rad8 20. Qe3 Bxb4 21.
Rxa7 Rf7 22. Rxf7 Bxf7 23. Nxf6+ gxf6 24. Bxf6 Re8 25. Be5 Bf8 26. Qg5+ Bg6 27.
Qf6 Qb4 1/2-1/2

[Event "ch-IRI 2019"]
[Site "Bushehr IRI"]
[Date "2019.01.26"]
[EventDate "?"]
[Round "3.2"]
[Result "0-1"]
[White "Pouya Idani"]
[Black "Alireza Firouzja"]
[WhiteElo "2611"]
[BlackElo "2618"]
[PlyCount "74"]

1. e4 c6 2. Nc3 d5 3. Nf3 Bg4 4. h3 Bxf3 5. Qxf3 e6 6. Be2 d4 7. Nb1 Bd6 8. c3 c5 9. Na3 Nc6 10. O-O Ne5 11. Bb5+ Kf8 12. Qg3 a6 13. f4 Ng6 14. e5 axb5 15. exd6 b4 16. f5 exf5 17. Nb5 Nf6 18. d3 bxc3 19. bxc3 dxc3 20. Qf2 b6 21. Qxf5 Qd7 22. Qf3 Re8 23. a4 h6 24. Qg3 Re6 25. Ra3 Kg8 26. Rxc3 Kh7 27. Rc4 Rd8 28. Bb2 Ne8 29. h4 h5 30. Rf5 Re1+ 31. Qxe1 Qxf5 32. Qg3 Qd5 33. a5 Nxd6 34. Nxd6 Rxd6 35. axb6 Rxb6 36. Qf2 Qxd3 37. Rxc5 Qd1+ 0-1

[Event "Aeroflot Open"]
[Site "Moscow RUS"]
[Date "2019.02.20"]
[EventDate "2019.02.20"]
[Round "1.26"]
[Result "1-0"]
[White "Alireza Firouzja"]
[Black "Javokhir Sindarov"]
[WhiteElo "2618"]
[BlackElo "2505"]
[PlyCount "149"]

1. e4 e6 2. d4 d5 3. e5 c5 4. c3 Nc6 5. Nf3 Qb6 6. a3 c4 7. g3
Bd7 8. Nbd2 f5 9. exf6 Nxf6 10. Bg2 Bd6 11. O-O O-O 12. Qe2
Kh8 13. h3 Be8 14. Qxe6 Qc7 15. Nh4 Bd7 16. Qe3 Rae8 17. Qg5
Nd8 18. Bxd5 h6 19. Ng6+ Kh7 20. Nxf8+ Bxf8 21. Qf4 Qxf4
22. gxf4 Nxd5 23. Nxc4 Bb5 24. Ne5 Bxf1 25. Kxf1 Nb6 26. Ke2
Bd6 27. Kd3 Rf8 28. Be3 Nd5 29. Ke4 Nf6+ 30. Kd3 Ne6 31. f5
Nc5+ 32. dxc5 Bxe5 33. Kc4 Ne8 34. Rd1 Rxf5 35. Rd7 Nc7 36. b4
Kg6 37. b5 Rf7 38. Rd8 Kf5 39. a4 Ke6 40. a5 Rd7 41. Rb8 a6
42. b6 Nb5 43. Ra8 g5 44. c6 bxc6 45. Bc5 Rf7 46. Rxa6 Rf4+
47. Kd3 Kd5 48. Be3 Rc4 49. Bd2 Bxc3 50. b7 Rd4+ 51. Ke2 Rxd2+
52. Ke3 Nd4 53. b8=Q Rd1 54. Qd8+ Ke5 55. Qe7+ Kd5 56. Qf7+
Kc5 57. Qf8+ Kd5 58. Qf7+ Kc5 59. Qh5 Nf5+ 60. Ke4 Nd6+
61. Kf3 Rd3+ 62. Kg2 Nf5 63. Rxc6+ Kxc6 64. Qg6+ Rd6 65. Qxf5
Bd4 66. Qc8+ Kb5 67. Qb8+ Kc5 68. Qb7 Rf6 69. f3 Kc4 70. a6
Rb6 71. Qc8+ Kd3 72. Qf5+ Kc4 73. Qc2+ Kb4 74. Qd3 Kc5
75. Qa3+ 1-0

[Event "Aeroflot Open"]
[Site "Moscow RUS"]
[Date "2019.02.21"]
[EventDate "2019.02.19"]
[Round "2.11"]
[Result "1/2-1/2"]
[White "Yan Liu"]
[Black "Alireza Firouzja"]
[WhiteElo "2498"]
[BlackElo "2618"]
[PlyCount "81"]

1. Nf3 Nf6 2. c4 g6 3. g3 Bg7 4. Bg2 O-O 5. O-O d5 6. d4 Nc6
7. Nbd2 a5 8. b3 Ne4 9. Bb2 a4 10. Nxe4 dxe4 11. Ne5 Nxe5
12. dxe5 Bf5 13. Qc1 axb3 14. axb3 Rxa1 15. Bxa1 Qa8 16. Qe3
Qa2 17. Bxe4 Bxe4 18. Qxe4 Qxb3 19. Rb1 Qa4 20. Bc3 b6 21. Ra1
Qd7 22. Ra7 Rc8 23. Kg2 e6 24. Bd4 Qe8 25. Qb7 h5 26. h4 Bh6
27. f4 Bf8 28. Bf2 Kg7 29. Bg1 Bb4 30. Bf2 Bc3 31. Kf3 Bd2
32. Kg2 Bb4 33. Kf3 Bc5 34. Bxc5 bxc5 35. Ra3 Kh6 36. Kf2 Kg7
37. Rd3 Rd8 38. Qxc7 Rxd3 39. exd3 Qa4 40. Qxc5 Qc2+ 41. Kg1
1/2-1/2

[Event "Aeroflot Open"]
[Site "Moscow RUS"]
[Date "2019.02.23"]
[EventDate "2019.02.20"]
[Round "5.17"]
[Result "1/2-1/2"]
[White "Alireza Firouzja"]
[Black "Murali Karthikeyan"]
[WhiteElo "2618"]
[BlackElo "2560"]
[PlyCount "112"]

1. e4 e5 2. Nf3 Nc6 3. d4 exd4 4. Nxd4 Nf6 5. Nxc6 bxc6 6. e5
Qe7 7. Qe2 Nd5 8. h4 d6 9. c4 Nb6 10. exd6 cxd6 11. Be3 Qe6
12. Nc3 Be7 13. O-O-O O-O 14. Bg5 f6 15. Bf4 d5 16. cxd5 Nxd5
17. Qf3 Nxf4 18. Qxf4 Qe5 19. Qc4+ Be6 20. Qa4 Rab8 21. Bd3
Rb4 22. Qc2 Qf4+ 23. Qd2 Bf7 24. Qxf4 Rxf4 25. f3 f5 26. b3 h5
27. Kc2 g6 28. Rhe1 Bf6 29. Ba6 Bxh4 30. Re5 Rb4 31. Rd7 Rd8
32. Rxd8+ Bxd8 33. Rc5 Be8 34. Bc4+ Kf8 35. Ne2 Bb6 36. Re5
Bc7 37. Re6 Rb6 38. Nc3 Rb8 39. Na4 Bb6 40. Nb2 Rb7 41. Rf6+
Ke7 42. Re6+ Kd8 43. Rd6+ Rd7 44. Rxc6 Rd2+ 45. Kxd2 Bxc6
46. Bf7 h4 47. Nc4 Ke7 48. Bxg6 Kf6 49. Ke2 Bc5 50. Bh5 Kg5
51. Bf7 Kf4 52. Bh5 Kg3 53. Kf1 a6 54. Na5 Bd7 55. Nc4 f4
56. Bg6 Bb5 1/2-1/2